01006nam a2200313 c 450000100060000000300100000600500170001600700030003300800410003602000180007702000160009504000350011104100080014604300120015408400120016610000430017824500970022125000220031826400500034030000180039033600270040833700330043533800280046865000420049665000300053865000400056865000430060870000410065159165CO-BoRNBP20250913140638.0ta231009s2019 ck |||g| 001 0|spa | a9789584283948 a 9584283944 aCO-BoRNBPbspaerdacCO-BoRNBP aspa as-ck--- aC GON14 aGonzález Villamarín, Álvaroeaut10aCanciones para astronautas /cÁlvaro González Villamarín ; prólogo de Mario Mendoza. aPrimera edición 1aBogotá, Colombia :bEditorial Espasa,c2020 a119 páginas atextobtxt2rdacontent asin mediaciónbn2rdamedia avolumenbnc2rdacarrier07aMúsica y literaturaySiglo XX2lemb04aCuentos colombianos2LEMB04aPoesía colombianaySiglo XX2LEMB04aLiteratura colombianaySiglo XXI2LEMB aMendoza Zambrano, Mario,d1964-ewfw